000 00969cam a2200325 i 4500
001 831186
003 OSt
005 20160215140241.0
008 770819s1977 nyu 000 1 eng
010 _a 77012605
020 _a0553118420
040 _aDLC
_cDLC
_dDLC
041 1 _aeng
_hger
050 0 0 _aPZ 3
_b.M45408 1967
082 0 0 _aFIC
_bM45a 1980
100 1 _aMay, Karl,
_d1842-1912.
_920476
240 1 0 _aArdistan.
_lEnglish
245 1 0 _aArdistan and djinnistan :
_ba novel
_cKarl May ; translated by Michael Shaw.
260 _aNew York :
_bBantam Books,
_cc1967.
300 _ax,671 p. ;
_c18 cm.
490 0 _aThe Collected works of Karl May ; ser. 1, v. 1 & 2
490 0 _aA Continuum book
562 _e1
650 _aFiction
_9746
700 1 2 _aMay, Karl,
_d1842-1912.
_tMir von Dschinnistan.
_lEnglish.
_920477
740 0 2 _aDjinnistan.
906 _a7
_bcbc
_corignew
_d1
_eocip
_f19
_gy-gencatlg
942 _2lcc
_cBK
999 _c11520
_d11520